| 000 | 00469nam a2200181Ia 4500 | ||
|---|---|---|---|
| 003 | GCL | ||
| 008 | 140319s9999 xx 000 0 eng d | ||
| 040 |
_aGCL / _cGCL |
||
| 082 | 0 | 4 |
_a657 _bD C |
| 100 | 1 | _aDANSY,ROBERT L | |
| 245 | 1 | 0 |
_aCOLLEGE ACCOUNTING / _cDANSY,ROBERT L |
| 700 | 1 | _aKALISKI, BURTION S | |
| 700 | 1 | _aSTRUPECK, DAVID | |
| 260 |
_a[S.N] : _bSOUTH-WEATERN PUBISHING CO ، _c1993 |
||
| 300 | _a970 P | ||
| 650 | 0 | 4 | _aACCOUNTING |
| 942 |
_2ddc _cBK |
||
| 999 |
_c16539 _d16539 |
||